Se Fue - Rauw Alejandro, Laura Pausini - Estadísticas

Estadísticas generales
  • Esta prueba ha sido intentada 285 veces
    280 desde el último reinicio
  • La puntuación promedio es 330 de 454
Estadísticas de respuestas
Letra % Correcto
fue
98%
se
98%
Se
98%
98%
él
96%
el
96%
Él
96%
de
92%
Si
92%
a
90%
la
90%
su
88%
y
88%
Y
88%
mi
84%
84%
no
82%
perfume
82%
silencio
82%
sus
82%
qué
80%
que
80%
Que
80%
lo
76%
me
76%
sonrisa
76%
cabellos
73%
con
73%
Con
73%
Le
73%
le
73%
Por
73%
por
73%
en
71%
En
71%
Sin
71%
sin
71%
sol
71%
vida
71%
Yo
71%
yo
71%
ella
69%
fábula
69%
labios
69%
ni
69%
Ya
69%
ya
69%
dulce
67%
miel
67%
solo
67%
teléfono
67%
al
65%
amor
65%
probé
63%
mía
61%
murmullo
61%
porque
61%
responde
61%
un
61%
Dios
59%
existe
59%
quedó
59%
razón
59%
veneno
59%
cubrió
57%
hielo
57%
mis
57%
Pa
57%
queda
57%
acordarse
55%
debe
55%
esperanza
55%
ha
55%
vacía?
55%
lágrimas
53%
Aunque
51%
pronto
51%
cabeza
49%
entre
49%
hilo
49%
nada
49%
negras
49%
nubes
49%
Pende
49%
quería?
49%
universo
49%
cielo
47%
juro
47%
noches
47%
todo
47%
contesta
45%
desde
45%
esta
45%
amar
43%
creí
43%
encontraré
43%
iría
43%
preguntas
43%
tengo
43%
tiene
43%
así
41%
cárcel
41%
centro
41%
entonces
41%
fin
41%
Hasta
41%
locura
41%
mil
41%
perder
41%
rogaré
41%
sale
41%
una
41%
Como
39%
como
39%
convertido
39%
dejado
39%
dolor
39%
límite
39%
Nadie
39%
primera
39%
amaré
37%
Ayer
37%
construimos
37%
este
37%
poder
37%
Siento
37%
siento
37%
vacío
37%
vez
37%
absurda
35%
destruyó
35%
Encadenada
35%
entera
35%
pedazos
35%
quite
35%
rezaré
35%
Rompiendo
35%
sueños
35%
basta
33%
beso
33%
era
33%
jamás
33%
oscura
33%
pasaría
33%
tormenta
33%
verano
33%
esos
31%
pude
31%
suyo
29%
Toda
29%
inmenso
27%
ah
24%
oh
22%
pierdo
22%
Sintiendo
22%
yeah
12%
No se encontraron pruebas coincidentes
Distribución de puntuación
Porcentaje de gente con cada puntuación
Porcentaje por número respondido
Historial de tus puntuaciones
No has intentado esta prueba desde el último reinicio